Statistics for Countries Begining With Vowels

Click here to take the quiz!

General Stats

  • This quiz has been taken 60 times
  • The average score is 26 of 34

Answer Stats

HintAnswer% Correct
OOman
95%
IIndia
93%
UUnited Kingdom of Great Britain and Northern Ireland
91%
AAustria
89%
IIndonesia
89%
UUnited States of America
89%
AArgentina
87%
AAustralia
87%
AAndorra
84%
AAngola
84%
AArmenia
82%
EEthiopia
82%
UUganda
82%
UUnited Arab Emirates
82%
IIceland
80%
UUzbekistan
80%
EEgypt
78%
IIran
78%
IIraq
78%
AAfghanistan
76%
AAlgeria
76%
AAzerbaijan
76%
EEcuador
76%
EEstonia
76%
IIreland
76%
AAlbania
75%
EEritrea
75%
IItaly
73%
IIsrael
64%
EEl Salvador
62%
UUkraine
56%
EEquatorial Guinea
53%
UUruguay
47%
AAntigua & Barbuda
18%

Score Distribution

Percentile by Number Answered

Percent of People with Each Score

Your Score History

You have not taken this quiz